000
00333nam a2200145Ia 4500
008
230718s9999 xx 000 0 und d
041
_a
Eng.
082
_a
345.55
_b
WAS-T
100
_a
Wasser nawaz
245
0
_a
Telecommunication laws
260
_a
Pakistan
_b
Irfan law book
_c
2012
300
_a
337
650
_a
Law
999
_c
30459
_d
30459